000 00284nam a22001337a 4500
008 180807b xxu||||| |||| 00| 0 eng d
082 _a813.52
245 _aStatistics
_cSullivan,M
260 _c2007
300 _a1
_fCD
440 _x0131731521
760 _b2nd
942 _2ddc
_cMX
999 _c46903
_d46903